<?xml version="1.0" encoding="UTF-8"?>
<collection xmlns:xsi="http://www.w3.org/2001/XMLSchema-instance" xsi:schemaLocation="http://www.loc.gov/MARC21/slim http://www.loc.gov/standards/marcxml/schema/MARC21slim.xsd" xmlns="http://www.loc.gov/MARC21/slim">
 <record>
  <leader>00000cja a22000003a 4500</leader>
  <controlfield tag="001">UP-99796217611561268</controlfield>
  <controlfield tag="003">Buklod</controlfield>
  <controlfield tag="005">20150420160225.0</controlfield>
  <controlfield tag="006">a     r    |||| u|</controlfield>
  <controlfield tag="007">s| u||||||u|u|</controlfield>
  <controlfield tag="008">150420s1985    xx     d|||||||||||||| | </controlfield>
  <datafield tag="035" ind1=" " ind2=" ">
   <subfield code="a">(iLib)UPD-00243206617</subfield>
  </datafield>
  <datafield tag="040" ind1=" " ind2=" ">
   <subfield code="a">DMUS</subfield>
  </datafield>
  <datafield tag="041" ind1=" " ind2=" ">
   <subfield code="a">eng</subfield>
  </datafield>
  <datafield tag="090" ind1=" " ind2=" ">
   <subfield code="a">CD2592</subfield>
  </datafield>
  <datafield tag="100" ind1="1" ind2=" ">
   <subfield code="a">Handel, George Frideric</subfield>
   <subfield code="d">1685-1759.</subfield>
  </datafield>
  <datafield tag="245" ind1="0" ind2="0">
   <subfield code="a">Semele</subfield>
   <subfield code="h">[soundrecording].</subfield>
  </datafield>
  <datafield tag="264" ind1=" " ind2="1">
   <subfield code="a">New York</subfield>
   <subfield code="b">Lange oublie</subfield>
   <subfield code="c">c1985.</subfield>
  </datafield>
  <datafield tag="300" ind1=" " ind2=" ">
   <subfield code="a">3 sound disc (191mins., 89sec.)</subfield>
   <subfield code="b">digital</subfield>
   <subfield code="c">4 3/4 in.</subfield>
  </datafield>
  <datafield tag="500" ind1=" " ind2=" ">
   <subfield code="a">Compact disc.</subfield>
  </datafield>
  <datafield tag="500" ind1=" " ind2=" ">
   <subfield code="a">Performed on the 300th Anniversary of the Composer's Birth.</subfield>
  </datafield>
  <datafield tag="500" ind1=" " ind2=" ">
   <subfield code="a">Program notes (2 p. : col. ill.) inserted in container.</subfield>
  </datafield>
  <datafield tag="505" ind1="0" ind2=" ">
   <subfield code="a">CD1 (61:35) Part I.  Overture:  Recit (Priest):  behold! Auspicious flames rise! -- Chorus:  Lucky omens bless our rites -- Recit (Cadmus, Athamas):  daughter, obey, hear and obey -- Recit accompany'd (Semele):  Ah me! What Refuge now is left me? -- Song (Semele):  the morning lark to mine accords his note -- Recit and song (Athamas):  See, she blushing turns her eyes...Hymen, haste -- Recit (Ino):  Alas! she yields -- Four part song (Cadmus, Ino, Athamas, Semele):  Why dost thou thus untimely grieve -- Chorus of priests:  Avert these omens, all ye Pow'rs! -- Recit (Athamas):  O Athamas, what torture hast thou born! -- Song (Ino):  Turn, hopeless lover, turn thy eyes -- Recit and song (Athamas):  She weeps!...Youre tune voice my tale would tell -- Recit (Ino):  Too well I see thou wilt not understand me -- Duet (Ino, Athamas):  You've undone me -- Recit (Cadmus, Athamus):  Ah, wretched Prince -- Recit accompany'd (Cadmus, Athamas, Ino):  Wing'd with our Fears, and pious haste -- Recit and chorus (Cadmus, Priests):  See, see, Jove's Priests...Hail Cadmus, hail! -- Song (Semele):  Endless pleasure, endless love, Semele enjoys above -- CD2 (59:04) Announcements Part II.  Sinfonia -- Scene One:  A Pleasant Country -- Recit (Juno, Iris): Iris, impatient of thy stay -- Song (Iris):  there from mortal cares retiring -- Recit (Juno):  awake Saturnia from thy Lethargy -- Aria (Juno):  Hence, Iris, hence away Scene Two:  An apartment in the palace of Semele -- Song (Semele):  o sleep, why dost thou leave me? -- Recit (Semele): let me not another moment -- Song (Jupiter):  Lay your doubts and fears aside -- Recit (Jupiter):  you are mortal -- Song (Semele) -- with fond desiring, with bliss expiring -- Chorus (Lovers and Zephirs):  how engaging, how endearing -- Recit (Semele, Jupiter):  Ah, me!...why sighs my Semele? -- Song (Jupiter):  I must with speed amuse her -- Chorus (Loves and Zephirs):  now love that everlasting boy invites -- Recit (Jupiter, Semele):  by my command -- Song (Jupiter):  wher'er you walk -- Recit (Semele, Ino):  dear sister, how was your passage hither? -- Recit accompany'd (Ino):  but hark! the heav'nly sphere turns round -- Duet (Ino, Semele):  prepare then ye immortal coir -- Chorus:  bless the glad earth with heav'nly lays -- Marilyn Horne and John Nelson discuss Handel -- CD3 (71:50) Announcements Part III.  Sinfonia -- Scene One:  The case of sleep -- Recit (Juno):  leave me, loathsome light -- Recit (Irish):  Dull god, cans't thou attend -- Song (Somnus): More sweet is that name -- Recit (Juno, Somnus): My will obey -- Duet (Juno, Somnus): obey my will, thy Rod resign -- Scene Two:  A Luxurios Apartment -- Song (Semele): my racking thoughts -- Recit (Juno, Semele):Thus shap'd like Ino -- Arioso (Juno):  behold in this mirror -- Recit (Semele):  O ecstacy of happiness -- Song (Semele):  my self i shall adore -- Recit (Juno Semele):  Be wife, as you are beautiful -- Song (Semele):  Thus let my thanks be paid -- Recit (Juno):  Rich odours fill the fragrant air -- Song (Jupiter):   Come to my arms, my lovely fair -- Song (Semele):  i ever am granting, you always complain -- Recit (Jupiter):  Speak, speak your desire -- Recit accompany'd (Jupiter):  Ah, take heed what you press -- Song (Semele): No, no! I'll take no less, than all in full excess -- Recit accompany'd (Jupiter):  Ah! whither is she gone! -- Song (Juno):  Above measure is the pleasure -- Scene Three:  A Canopy -- Recit accompany'd (Semele):  Ah me! too late I know repent -- Chorus:  Nature to each allots his proper sphere -- Recit (Ino):  I was hence remov'd -- Song (Athamus):  Despair no more shall wound me -- Scene the Last:  Mount Citheron -- Sinfonia -- Recit accompany'd (Apollo): Apollo comes to relieve your care -- Chorus:  Happy, happy shall we be -- Closing announcements.</subfield>
  </datafield>
  <datafield tag="511" ind1="0" ind2=" ">
   <subfield code="a">Kathleen Battle.</subfield>
  </datafield>
  <datafield tag="511" ind1="0" ind2=" ">
   <subfield code="a">Rockwell Blake.</subfield>
  </datafield>
  <datafield tag="511" ind1="0" ind2=" ">
   <subfield code="a">Marilyn Home.</subfield>
  </datafield>
  <datafield tag="511" ind1="0" ind2=" ">
   <subfield code="a">Sylvia McNair.</subfield>
  </datafield>
  <datafield tag="511" ind1="0" ind2=" ">
   <subfield code="a">Samuel Ramey.</subfield>
  </datafield>
  <datafield tag="511" ind1="0" ind2=" ">
   <subfield code="a">William MaNeil.</subfield>
  </datafield>
  <datafield tag="511" ind1="0" ind2=" ">
   <subfield code="a">James Patterson.</subfield>
  </datafield>
  <datafield tag="650" ind1="1" ind2="7">
   <subfield code="a">Secular Oratorio.</subfield>
  </datafield>
  <datafield tag="905" ind1=" " ind2=" ">
   <subfield code="a">FO</subfield>
  </datafield>
  <datafield tag="950" ind1=" " ind2=" ">
   <subfield code="a">Optic</subfield>
  </datafield>
  <datafield tag="852" ind1="0" ind2=" ">
   <subfield code="a">UPD</subfield>
   <subfield code="b">DMUS</subfield>
   <subfield code="h">CD2592</subfield>
  </datafield>
  <datafield tag="942" ind1=" " ind2=" ">
   <subfield code="a">Music</subfield>
  </datafield>
 </record>
</collection>
